| 000 | 00939nam a22002777i 4500 | ||
|---|---|---|---|
| 003 | DO-SdBNP | ||
| 005 | 20240530073925.0 | ||
| 007 | ta | ||
| 008 | 210910b2010 dr ||||| |||| 00| f spa d | ||
| 020 | _a9789945460919 | ||
| 040 |
_aDO-SdBNP _bspa _cBNPHU _drda |
||
| 082 | 4 |
_aRD863.44 _bL864L _222 |
|
| 100 | 1 |
_aLópez Azuán, Virgilio, _d1959- _964493 |
|
| 245 | 1 | 0 |
_aLa pretendida de Verapaz / _cVirgilio López Azuán; edición al cuidado de Herman Mella Chavier |
| 264 |
_aSanto Domingo : _bSantuario, _c2010 |
||
| 300 |
_a262 páginas ; _c24 cm |
||
| 336 |
_2rdacontenq _atexto _btxt |
||
| 337 |
_2rdamedia _asin medición _bn |
||
| 338 |
_2rdacarrier _avolumen _bnc |
||
| 500 | _aIncluye datos biográficos del autor en las solapas dela cubiertas | ||
| 590 | _aInventariado, 2023 / MF | ||
| 650 | 0 |
_aNovela dominicana _9223 |
|
| 650 | 4 |
_aLiteratura dominicana _980222 |
|
| 700 | 1 |
_981232 _aMella Chavier, Herman |
|
| 942 |
_2ddc _cLBS1 |
||
| 999 |
_c50471 _d50471 |
||